000
00325nam a2200133Ia 4500
008
240624s9999 xx 000 0 und d
041
_a
eng
082
_a
004.22 ICF
100
_a
ICFAI
245
_a
COMPUTER SYSTEM ARCHITECTURE
260
_c
2007
_a
Hyderabad
_b
ICFAI University
300
_a
177 : p. : cm. ; 26
365
_c
RS
999
_c
5985
_d
5985